000 00528nam a22001937a 4500
003 KOHA_MİRAKIL
005 20251111124934.0
008 251111b tu ||||| |||| 00| 0 tur d
020 _a9786258159844
040 _aTR-AnABB
_btur
_cTR-AnABB
041 _atur
082 _a813.42
_bKEM 2022
100 0 _aKemal Tahir
245 1 0 _aBir mülkiyet kalesi /
_cKemal Tahir
260 _aİstanbul :
_bKetebe Yayınları,
_c2022
300 _a580 sayfa ;
_c20 cm
650 0 4 _aTürk edebiyatı, roman
942 _2ddc
_cBK
999 _c9350
_d9350
900 _bGizem YORULMAZ